多くの国・地域と接する国 - Statistics

General Stats
  • This quiz has been taken 336 times
  • The average score is 22 of 34
Answer Stats
% Correct
14 ロシア
99%
14 中国
98%
9 ドイツ
94%
8 フランス
90%
6 インド
88%
10 ブラジル
86%
9 コンゴ民主共和国
78%
7 ポーランド
78%
7 イラン
75%
6 イタリア
75%
7 サウジアラビア
73%
8 オーストリア
71%
8 トルコ
68%
7 スーダン
67%
6 イラク
66%
7 ウクライナ
65%
7 マリ
65%
6 南アフリカ
64%
7 アルジェリア
61%
7 ハンガリー
60%
6 中央アフリカ
60%
8 セルビア
58%
6 チャド
58%
7 ニジェール
57%
6 エチオピア
57%
6 南スーダン
56%
6 アフガニスタン
52%
8 タンザニア
44%
6 ブルキナファソ
39%
6 リビア
38%
8 ザンビア
37%
6 モザンビーク
36%
6 カメルーン
33%
6 ギニア
24%
No matching quizzes found
Score Distribution
Percent of People with Each Score
Percentile by Number Answered
Your Score History
You have not taken this quiz